<?xml version="1.0" encoding="UTF-8"?>
<record
    xmlns:xsi="http://www.w3.org/2001/XMLSchema-instance"
    xsi:schemaLocation="http://www.loc.gov/MARC21/slim http://www.loc.gov/standards/marcxml/schema/MARC21slim.xsd"
    xmlns="http://www.loc.gov/MARC21/slim">

  <leader>01255nab a2200181 a 4500</leader>
  <controlfield tag="005">20241218093608.0</controlfield>
  <controlfield tag="007">ta</controlfield>
  <controlfield tag="008">241018e2022    dr |||||r||||||0| 0 spa d</controlfield>
  <datafield tag="040" ind1=" " ind2=" ">
    <subfield code="a">DO-SdBNP</subfield>
    <subfield code="c">BNPHU</subfield>
    <subfield code="e">spa</subfield>
  </datafield>
  <datafield tag="041" ind1=" " ind2=" ">
    <subfield code="h">spa</subfield>
  </datafield>
  <datafield tag="100" ind1="1" ind2=" ">
    <subfield code="a">Tejeda Ort&#xED;z, Dagoberto, </subfield>
    <subfield code="d">1940-</subfield>
    <subfield code="9">1575</subfield>
  </datafield>
  <datafield tag="245" ind1=" " ind2=" ">
    <subfield code="a">Tatica, la de Hig&#xFC;ey : </subfield>
    <subfield code="b">"a tus plantas desde siglos y que nunca te abandona a ti Morena Madre nuestra que deslumbras de misericordia llena" ( Salve de And&#xFA;jar) / </subfield>
    <subfield code="c">Dagoberto Tejeda Ortiz.</subfield>
  </datafield>
  <datafield tag="260" ind1=" " ind2=" ">
    <subfield code="a">Santo Domingo, Rep&#xFA;blica Dominicana : </subfield>
    <subfield code="b">Centro Cultural BanReservas, </subfield>
    <subfield code="c">2022. </subfield>
  </datafield>
  <datafield tag="300" ind1=" " ind2=" ">
    <subfield code="a">p&#xE1;gina 38. </subfield>
  </datafield>
  <datafield tag="521" ind1=" " ind2=" ">
    <subfield code="a">L a Virgen de la Altagracia es una advocaci&#xF3;n de la Virgen Mar&#xED;a, integrante oficial del santoral de la iglesia Cat&#xF3;lica, presente en la isla de Santo Domingo desde el periodo colonial, considerada hoy la Madre Espiritual del pueblo dominicano, localizada en Hig&#xFC;ey, la cual es una de las primeras devociones de Am&#xE9;rica, cuya identidad est&#xE1; envuelta en mitos, leyendas, historias y tradiciones.</subfield>
  </datafield>
  <datafield tag="773" ind1="0" ind2=" ">
    <subfield code="d">Santo Domingo, Rep&#xFA;blica Dominicana : Centro Cultural BanReservas, 2022.</subfield>
    <subfield code="t">Tatica, la de Hig&#xFC;ey : </subfield>
    <subfield code="a">Tejeda Ortiz, Dagoberto. </subfield>
  </datafield>
  <datafield tag="942" ind1=" " ind2=" ">
    <subfield code="2">ddc</subfield>
    <subfield code="c">ISSUE</subfield>
    <subfield code="h">Edici&#xF3;n 3. Diciembre 2022</subfield>
  </datafield>
  <datafield tag="952" ind1=" " ind2=" ">
    <subfield code="0">0</subfield>
    <subfield code="1">0</subfield>
    <subfield code="2">ddc</subfield>
    <subfield code="4">0</subfield>
    <subfield code="7">0</subfield>
    <subfield code="8">SE</subfield>
    <subfield code="a">BNPHU</subfield>
    <subfield code="b">BNPHU</subfield>
    <subfield code="d">2024-10-18</subfield>
    <subfield code="h">Edici&#xF3;n 3. Diciembre 2022</subfield>
    <subfield code="l">0</subfield>
    <subfield code="r">2024-10-18</subfield>
    <subfield code="w">2024-10-18</subfield>
    <subfield code="y">ISSUE</subfield>
  </datafield>
  <datafield tag="999" ind1=" " ind2=" ">
    <subfield code="c">57913</subfield>
    <subfield code="d">57913</subfield>
  </datafield>
</record>
